000 00505nam a2200145 a 4500
008 120416s1960 ||||||||||||||||| || u
050 _aTR 693 Hal
100 _aHallert, Bertil
245 1 0 _aPhotogrammetry
246 _abasic principles and general survey
260 _aNew York
_bMcGraw-Hill
_c1960
300 _aix, 340p. : ill.
350 _a0.00
995 _D0.00
_FCBU-MAIN LIBRARY (Kitwe)
_H1
_I7.70
_UAVAILABLE
_ZAnnex Low-Usage Collection
999 _c53520
_d53520